000 00435nam a2200169Ia 4500
005 20240507062240.0
008 240331s9999 xx 000 0 und d
020 _a0902818155
082 _bHYM
_a331.8
100 _aHyman, Richard
245 0 _aMarxism and the sociology of trade unionism
_cRichard, Hyman
250 _a1 st
260 _aLondon
_bPluto press limited
_c1971
300 _a53 p .,
650 _aEconomic
942 _cL
999 _c2746
_d2746